000 00444nam a2200181Ia 4500
005 20250317123257.0
008 008 250317s9999 xx 000 0 eng d
037 _aTextbook
040 _aFMSL
_beng
_cFMSL
041 _aeng
_2eng
084 _qFMSL
100 _aRalston A
245 0 _aFortaran IV programming
260 _aNY
_bNY, McGraw-Hill
_c1971
300 _a177p
942 _cTB
999 _c1250614
_d1250614